LDR 01047naa#a2200217#i#450# 001 RU\RIOR\bibl\126622 005 20260701092330.3 011 ## _a2409-5087 100 ## _a20260630b2026####ek#y0rusy0150####ca 102 ## _aRU 200 1# _aНЕКОТОРЫЕ ПРОБЛЕМЫ ТОЛКОВАНИЯ СТАТУСА ЧАСТНОГО НОТАРИУСА В СОВРЕМЕННОЙ РОССИИ _eЖурнальная статья 210 1# _aМосква _cООО "Издательский Центр РИОР" _d2026 215 ## _a4 с. 608 ## _aЖурнальная статья _2local 675 ## _aКонфликты органов власти. Споры о компетенции. 342.591 _z 686 ## _aОбщественные науки в целом. 60 _2bbk 686 ## _aТеория государства и права. 10.07 _2grnti 700 #1 _aМильшин _gЮрий Николаевич 700 #1 _aМухитдинов _gАлишер Абдувахидович 700 #1 _aШошин _gСергей Владимирович 856 4# _aalsj.ru _u